Toward a framework for financial stability
Na minha lista:
| Autor principal: | |
|---|---|
| Outros Autores: | |
| Formato: | Livro |
| Idioma: | inglês |
| Publicado em: |
Washington, D.C.
IMF
1998
|
| Colecção: | World economic and financial surveys
|
| Assuntos: | |
| Tags: |
Sem tags, seja o primeiro a adicionar uma tag!
|
MARC
| LEADER | 00000nam$a2200000$$$4500 | ||
|---|---|---|---|
| 001 | 0010931 | ||
| 005 | 20240111125123.6 | ||
| 020 | |a 1-55775-706-2 | ||
| 022 | |a 0258-7440 | ||
| 041 | 0 | |a eng | |
| 044 | |a US | ||
| 245 | 1 | 0 | |a Toward a framework for financial stability |c prepared by a staff team of the International Monetary Fund led by David Folkerts-Landau and Carl-Johan Lindgren |
| 264 | 1 | |a Washington, D.C. |b IMF |c 1998 | |
| 300 | |a 81 s. | ||
| 490 | 1 | |a World economic and financial surveys | |
| 830 | 0 | |a World economic and financial surveys | |
| 610 | 2 | 0 | |a politika peňažná |
| 610 | 2 | 0 | |a stabilizácia hospodárstva |
| 610 | 2 | 0 | |a financie |
| 610 | 2 | 0 | |a banky |
| 610 | 2 | 0 | |a bankovníctvo |
| 610 | 2 | 0 | |a informácie |
| 610 | 2 | 0 | |a sústava finančná |
| 100 | 1 | |a Folkerts-Landau, David | |
| 700 | 1 | |a Lindgren, Carl-Johan | |